Datum a čas kvízu
42
Celkem bodů
Celkový počet nahraných bodů na tomto kvízu bez doplňovacích otázek.
2.
Pořadí na kvízu
Konečné umístění týmu na tomto kvízu.
Zaznamenané odpovědi
| # | Otázka | Odpověď | Body | Výsledky |
|---|---|---|---|---|
| 1. | Při informování o rozdělení mi... | prevence | 0 | |
| 2. | K půlročnímu vězení odsoudil n... | líbali se | 0 | |
| 3. | Minulý týden proběhl pařížský... | Heidi Klum | 1 | |
| 4. | Francouzská státní společnost... | croissant | 1 | |
| 5. | V minulém týdnu jsme se v hoke... | Pavel Gross, HC Sparta Praha | 0 | |
| 6. | Rozdělení Římské říše v roce 3... | 476 (Západořímská) a 1453 (Východořímská) | 1 | |
| 7. | Ve 14. století Evropu sevřela... | D | 1 | |
| 8. | Podepsání Mnichovské dohody by... | appeasement (politika appeasementu) | 1 | |
| 9. | Jak se jednoslovně nazývá tent... | Watergate | 1 | |
| 10. | Jak moc velkou chybou byl či n... | A | 1 |